000 00508nam a22001817a 4500
005 20150915124817.0
010 _aENG-113914
020 _c200.00
_a9789350450857
035 _aEN-97446
037 _bDBAD/PUB
_adpl
082 _a881
100 _aTalwar, Neelima
245 _aLove has many faces /
_cby Neelima Talwar
260 _aCalcutta
_bWriters Workshop
_c2014
270 _a162/92, Lake Gardens,
_bCalcutta
_e700045
300 _a74p.
_c22cm(Hb)
942 _2ddc
_cEN
_mTAL
_h881
999 _c96511
_d96511